000 00796 a2200229 4500
003 OSt
005 20180116192351.0
008 120601t xxu||||| |||| 00| 0 eng d
010 _a 16003628
020 _a9781151975768
035 _a(OCoLC)1014302
040 _c0
082 _a711.409
100 1 _aGeddes, Patrick,
_93495
245 1 0 _aCities in evolution;
_ban introduction to the town planning movement and to the study of civics,
_cby Patrick Geddes ... with 59 illustrations.
260 _aLondon:
_bWilliams & Norgate,
_c1915.
300 _axv, 409 p. :
_bfront., illus. (incl. plans).
_c23 cm.
650 1 0 _aCity planning.
_93496
650 1 0 _aCities and towns.
_93497
942 _aSADA
_cBK
_k711.409 GED 1915
_2ddc
999 _c352944
_d352944